000 01225nam0a2200289 4500
001 RU\NLR\bibl\1700272
005 20250616061314.0
010 _a978-5-9274-0399-8
_9150
021 _aRU
_b2010-79074
_95272
035 _a(NLR Aleph) 001691356
090 _a1162817
_c1162817
100 _a20101116d2010 |||y0rusy50 ca
101 0 _arus
102 _aRU
105 _aa |||||||||
200 1 _aМалое предпринимательство в Карелии: управление развитием
_fА.Е. Курило
_gКарел. науч. центр Рос. акад. наук, Ин-т экономики
210 _aПетрозаводск
_cКарельский научный центр РАН
_d2010
215 _a288, [1] с.
_cил.
_d20
320 _aБиблиогр. в конце кн. (128 назв.)
606 1 _aПредпринимательство малое
_yКарелия, Республика
_92153837
_3RU\NLR\auth\661296799
686 _aУ9(2)-13(2Р-6Кар)
700 1 _aКурило
_bА. Е.
_f1965-
_gАнна Евгеньевна
_4070
801 0 _aRU
_bNLR
_c20101116
_gRCR
801 1 _aRU
_bNLR
_c20101116
942 _cBOOK
980 _aNB